História do Tribunal de Contas do Estado de Mato Grosso : (Record no. 796)
[ view plain ]
| 000 -LÍDER | |
|---|---|
| Campo Fixo de Controle | 01064nam a2200253 4500 |
| 001 - NÚMERO DE CONTROLE | |
| Campo de Controle | 796 |
| 003 - IDENTIFICAÇÃO DO NÚMERO DE CONTROLE | |
| Campo de Controle | BR-CuiBMT |
| 005 - DATA E HORA DA ÚLTIMA ATUALIZAÇÃO | |
| Campo de Controle | 20231129125655.0 |
| 008 - DADOS FIXOS | |
| Dados Fixos | 231117s2023 mtba 000 0 por d |
| 020 ## - INTERNATIONAL STANDARD BOOK NUMBER | |
| Nº do ISBN | 9788580093247 |
| 040 ## - AGÊNCIA CATALOGADORA | |
| Código da Agência Catalogadora | BR-CuiBMT |
| Agência que transcreveu o registro | BR-CuiBMT |
| 080 ## - Nº DA CLASSIFICAÇÃO DECIMAL UNIVERSAL | |
| Nº edição CDU | 2007 |
| Nº Class. CDU | 351.94:336.148 |
| Subd. Auxiliar Comum | (817.2) |
| -- | (091) |
| 090 ## - NÚMERO DE CHAMADA | |
| Nº classificação | 351.94:336.148(817.2)(091) |
| Cutter | H673 |
| 245 00 - TÍTULO PRINCIPAL | |
| Título principal | História do Tribunal de Contas do Estado de Mato Grosso : |
| Subtítulo | 1953 - 2023 / |
| Indicação de responsabilidade | Neila Maria Souza Barreto, pesquisa histórica e organização. |
| 260 ## - PUBLICAÇÃO, DISTRIBUIÇÃO, ETC. | |
| Local de publicação | Cuiabá : |
| Editora | Carlini & Caniato, |
| Data | 2023. |
| 300 ## - DESCRIÇÃO FÍSICA | |
| N. páginas ou volumes | 432 p. : |
| Ilustrações | il. color. ; |
| Dimensões | 28 cm |
| 504 ## - NOTA DE BIBLIOGRAFIA, ETC. | |
| Nota de bibliografia | Inclui bibliografia. |
| 590 ## - NOTA LOCAL | |
| Nota local | O Exemplar n. 1 da obra possui várias dedicatórias dos Conselheiros do Tribunal de Contas do Estado de Mato Grosso. |
| 650 ## - ASSUNTO TÓPICO | |
| Cabeçalho tópico ou nome geográfico | Tribunal de Contas |
| Subdivisão geográfica | Mato Grosso |
| Subdivisão geral | História |
| 650 ## - ASSUNTO TÓPICO | |
| Cabeçalho tópico ou nome geográfico | Tribunal de Contas |
| Subdivisão geográfica | Mato Grosso |
| 700 1# - ENTRADA SECUNDÁRIA -- NOME PESSOAL | |
| Nome pessoal | Barreto, Neila Maria Souza |
| Cód. do termo explicativo | org. |
| 856 4# - LOCALIZAÇÃO E ACESSO ELETRÔNICO | |
| Endereço eletrônico (URI) | <a href="https://www.tce.mt.gov.br/uploads/flipbook/70anos/index.html">https://www.tce.mt.gov.br/uploads/flipbook/70anos/index.html</a> |
| Texto do link | Disponível também online. |
| Localização e acesso eletrônico | 17/11/2023. |
| 942 ## - ELEMENTOS DE ENTRADA ADICIONAIS (KOHA) | |
| Fonte de classificação ou esquema de arquivamento | Classificação Decimal Universal |
| Tipo de item do Koha | Livros |
| Estado: removido | Estado: perdido | Fonte de classificação ou esquema de arquivamento | Estado: danificado | Indisponível para empréstimo | Localização permanente | Localização atual | Data de aquisição | Total Checkouts | Número de Chamada completo | Código de barras | Date last seen | Número do exemplar | Preço efetivo a partir de | Tipo de item (Koha) |
|---|---|---|---|---|---|---|---|---|---|---|---|---|---|---|
| Classificação Decimal Universal | Biblioteca da Escola Superior de Contas do TCE/MT | Biblioteca da Escola Superior de Contas do TCE/MT | 17/11/2023 | 351.94:336.148(817.2)(091) H796 | BIBTCEMT23110725 | 17/11/2023 | Ex. 1 | 17/11/2023 | Livros |